Η διερεύνηση της αποτελεσματικότητας της συνεργατικής μάθησης στην μαθησιακή επίδοση παιδιών με κοινωνικές αναστολές : (ντροπαλά παιδιά) : διπλωματική εργασία

Αποθηκεύτηκε σε:
Λεπτομέρειες βιβλιογραφικής εγγραφής
Κύριος συγγραφέας: Καπούλα, Ελευθερία
Συγγραφή απο Οργανισμό/Αρχή: Πανεπιστήμιο Αιγαίου Σχολή Ανθρωπιστικών Σπουδών Τμήμα Επιστημών Προσχολικής Αγωγής και Εκπαιδευτικού Σχεδιασμού
Άλλοι συγγραφείς: Κόνσολας, Εμμανουήλ (Εισηγητής διατριβής)
Μορφή: Thesis Βιβλίο
Γλώσσα:Greek
Δημοσίευση: 2008
Θέματα:
Διαθέσιμο Online:http://hdl.handle.net/11610/7494
Ετικέτες: Προσθήκη ετικέτας
Δεν υπάρχουν, Καταχωρήστε ετικέτα πρώτοι!

MARC

LEADER 00000cam a2200000 i 4500
001 1/91751
008 080731s2008 gre d
035 |l 10099324 
040 |a GR-MY-UA  |b gre  |e aacr 
041 0 |a gre 
082 0 |a 410.92  |2 (22) 
100 1 |a Καπούλα, Ελευθερία. 
245 1 2 |a Η διερεύνηση της αποτελεσματικότητας της συνεργατικής μάθησης στην μαθησιακή επίδοση παιδιών με κοινωνικές αναστολές :  |b (ντροπαλά παιδιά) : διπλωματική εργασία /  |c Καπούλα Ελευθερία ; Κόνσολας Εμμανουήλ (επιβλέπων) ; εξεταστική επιτροπή: Νικολάου Ελένη, Σταμάτης Παναγιώτης 
260 |c 2008 
300 |a 69 σ.;  |c 30 εκ. 
502 # # |a Πτυχιακή εργασία – Πανεπιστήμιο Αιγαίου, Ρόδος, 2008. 
504 |a Περιλαμβάνει βιβλιογραφίες και ευρετήριο 
610 2 0 |a University of the Aegean  |x Dissertations. 
650 0 0 |a Students  |x Social conditions. 
650 0 0 |a Children  |x Psychology. 
650 0 0 |a Dissertations, Academic  |z Greece. 
700 1 |a Κόνσολας, Εμμανουήλ.  |4 ths 
710 2 |a Πανεπιστήμιο Αιγαίου  |b Σχολή Ανθρωπιστικών Σπουδών  |b Τμήμα Επιστημών Προσχολικής Αγωγής και Εκπαιδευτικού Σχεδιασμού. 
852 |a INST  |b RHODES  |c DIATR  |e 20080731  |h 410.92 ΚΑΠ  |p 005400028789  |q 005400028789  |t DIE  |y 23 
852 |a INST  |b RHODES  |c DIATR  |e 20080731  |h 410.92 ΚΑΠ  |p 005400028790  |q 005400028790  |t DIE  |y 23 
856 |u http://hdl.handle.net/11610/7494 
901 |a BIBL4-2008-2 
909 |a Ρ  |b 150408 
909 |a Ρ  |b 150409 
924 |a ΚΑΠΟΥΛΑ  |b ΕΛΕΥΘΕΡΙΑ  |y ΡΟΔΟΣ  |z 2008-07 
970 |a ΜΙΣΣΟΣ  |b ΣΤΑΥΡΟΣ  |z 2008/07/31